000 00747nac a22002417a 4500
001 BR9402788
003 BR-BrBNA
005 20240105121538.0
008 230509b bl.|||m| |||| 00| 0 por d
040 _aBR-BrBNA
_bpor
_cBiblioteca Nacional de Agricultura
072 _aE13; E10
090 _a2120 BR9402788
110 1 _aInstituto Brasileiro do Cafe, Rio de Janeiro, RJ (Brasil)
_95880
245 1 _aRelatorio do exercicio de 1982 [IBC]
260 3 _aRio de Janeiro, RJ (Brasil):
_c1982.
300 _a78 p.
490 _aRelatorio - Instituto Brasileiro do Cafe (Brazil)
_v
_x
650 _aCafe
650 _aPesquisa Agricola
650 _aFinanciamento
909 _a202312
_bLúcia Elande
_c55
_dLúcia Elande
942 _2AGRIS
_n0
_cMS
999 _c285927
_d285927